000
00246nam a2200097Ia 4500
005
20251222114352.0
008
251222s1900||||xx |||||||||||||| ||spa||
082
_a
DVD0093/E79
245
0
_a
Escuela nueva: una experiencia latinoamericana
942
_c
DVD
999
_c
1280
_d
1280